000 00562nam a2200169 a 4500
001 000041308
005 20201002034756.0
008 130930s19uu dr 001 0 spa d
040 _aDO-SdBNP
_bspa
_cBNPHU
100 1 _aGarcía López, José
_d1916-
_967927
245 1 0 _aHistoria de la literatura española /
_cJosé García López.
260 _aSanto Domingo :
_b[s.n.,
_c190?].
300 _a789 p. :
_bil. ;
_c24 cm.
500 _aEdición revisada
500 _aIncluye índice
504 _aIncluye referencias bibliográficas y notas al pie de las páginas
999 _c40798
_d40798